La Guerre psychologique / (Record no. 101657)

MARC details
000 -LEADER
campo de control de longitud fija 00580nam a2200205 i 4500
001 - NÚMERO DE CONTROL
campo de control 101657
003 - IDENTIFICADOR DE NÚMERO DE CONTROL
campo de control ES-MaACL
005 - FECHA Y HORA DE LA ÚLTIMA TRANSACCIÓN
campo de control 20250710062727.0
007 - CAMPO FIJO DE DESCRIPCIÓN FÍSICA--INFORMACIÓN GENERAL
campo de control de longitud fija t|
008 - DATOS DE LONGITUD FIJA--INFORMACIÓN GENERAL
campo de control de longitud fija 051021s1956 fr ||||1| fre d
100 1# - ENTRADA PRINCIPAL--NOMBRE DE PERSONA
Nombre de persona Mégret, Maurice.
9 (RLIN) 79812
245 13 - MENCIÓN DEL TÍTULO
Título La Guerre psychologique /
Mención de responsabilidad, etc. par Maurice Mégret.
250 ## - MENCION DE EDICION
Mención de edición [1ª ed.].
260 ## - PUBLICACIÓN, DISTRIBUCIÓN, ETC.
Lugar de publicación, distribución, etc. Paris :
Nombre del editor, distribuidor, etc. Presses Universitaires de France,
Fecha de publicación, distribución, etc. 1956.
300 ## - DESCRIPCIÓN FÍSICA
Extensión 128 p. ;
Dimensiones 17 cm.
490 1# - MENCIÓN DE SERIE
Mención de serie Que sais-je? ;
Designación de volumen o secuencia 713
830 00 - PUNTO DE ACCESO ADICIONAL DE SERIE-TÍTULO UNIFORME
Título uniforme Que sais-je?
Designación de volumen o secuencia 713
9 (RLIN) 180931
852 ## - LOCALIZACIÓN
Ubicación ES-MaACL
Número de control de estantería C-15951
Sublocalización o colección R.43466
Holdings
Estatus retirado Estado de pérdida Estado de daño No para préstamo Biblioteca de origen Biblioteca actual Ubicación en estantería Fecha de adquisición Fuente de adquisición Total de préstamos Signatura topográfica completa Código de barras Visto por última vez Precio de reemplazo Tipo de ítem Koha
        Biblioteca del Ateneo de Madrid Biblioteca del Ateneo de Madrid Ficheros 17/01/2008     C-15951 1106129 23/02/2023 23/02/2023 Libro impreso